| 000 | 00406nam a22001697a 4500 | ||
|---|---|---|---|
| 003 | CEME | ||
| 005 | 20210628205606.0 | ||
| 008 | 210308b xxu||||| |||| 00| 0 eng d | ||
| 020 | _a81-224-0558-4 | ||
| 040 | _c. | ||
| 082 | _a621.4021 RAO'I | ||
| 100 |
_aRao, Y.V.C _941749 |
||
| 245 | _aAn introduction to thermodynamics | ||
| 260 |
_aNEWYORK _bJOHN WILEY _c1993 |
||
| 300 | _a636P | ||
| 942 |
_cBK _2ddc |
||
| 999 |
_c581571 _d581571 |
||